| 000 | 00847nam a22002177a 4500 | ||
|---|---|---|---|
| 005 | 20230919113540.0 | ||
| 010 | _aHIN-126047 | ||
| 020 |
_a9789389043808 _c500.00 |
||
| 035 | _aHN-98393 | ||
| 037 | _bDBAD/PUB | ||
| 082 | _a613.907 | ||
| 100 |
_aबौध, राजेंद्र _956907 |
||
| 245 |
_aकिशोरावस्था मे यौंन शिक्षा / _c राजेंद्र बौध |
||
| 250 | _a1 | ||
| 260 |
_bसत्यम पब्लिशिंग हाउस _aनई दिल्ली _c2021 |
||
| 270 |
_aएन -3/25 मोहन गार्डन उत्तम नगर _e110059 _bनई दिल्ली |
||
| 300 |
_a202 पृ. _c23 सेमी (सजिल्द) |
||
| 710 | _956895 | ||
| 942 |
_cHN _2ddc _h613.907 _mबौधरा |
||
| 999 |
_c198337 _d198337 |
||